000 02562nam a2200277Ia 4500
999 _c45483
_d45483
001 12308
003 GE_BSU
005 20240709131121.0
008 181216s2013||||ge |||||||||||||| ||geo||
040 _cGE_BSU
041 _ageo
080 _a821.353.1-3 შ-47
245 _a შემოდგომის ლეგენდა 2012 : კედლის წერილები : ახალი სახეები, ახალი სახელები, შენი ხელწერა : სტუდენტური ლიტერატურული კონკურსი : 5 წლის საიუბილეო გამოცემა (2009-2013) /
_cდავით გორგილაძე, დავით ბაბიაშვილი, რატი წეროძე ; იდეის ავტორი ნინო კალანდია ; რედაქტორი ქეთევან გაბოშვილი.
264 _aთბილისი :
_bთსუ,
_c2013.
300 _a40 გვ. :
_bილ. ;
_c20 სმ.
500 _aივანე ჯავახიშვილის სახელობის თბილისის სახელმწიფო უნივერსიტეტისა და კომპანია "ჯეოსელის" ერთობლივი პროექტი
520 _aივანე ჯავახიშვილის სახ. თბილისის სახ. უნ-ტის და კომპანია ჯეოსელის ერთობლივი პროექტი.სტუდენტური ლიტ-ული კონკურსი შემოდგომის ლეგენდა 5წ.საიუბილეო გამოც. 2009-2013.
653 _aშემოდგომის ლეგენდა
653 _aკედლის წერილები
700 _aგორგილაძე, დავით
_eავტორი (ავტორობით)
_922775
700 _aბაბიაშვილი, დავით
_eავტორი (ავტორობით)
_922784
700 _aწეროძე, რატი
_eავტორი (ავტორობით)
_922785
700 _aკალანდია, ნინო
_eიდეის ავტორი (ავტორობით)
_912723
700 _aგაბოშვილი, ქეთევან
_eრედაქტორი (ავტორობით)
_922786
942 _cBK
_2udc